<?xml version="1.0" encoding="UTF-8"?>
<record
    xmlns:xsi="http://www.w3.org/2001/XMLSchema-instance"
    xsi:schemaLocation="http://www.loc.gov/MARC21/slim http://www.loc.gov/standards/marcxml/schema/MARC21slim.xsd"
    xmlns="http://www.loc.gov/MARC21/slim">

  <leader>00513nam a22001697a 4500</leader>
  <controlfield tag="003">Ost</controlfield>
  <controlfield tag="005">20260407113108.0</controlfield>
  <controlfield tag="008">260407b        |||||||| |||| 00| 0 eng d</controlfield>
  <datafield tag="020" ind1=" " ind2=" ">
    <subfield code="a">9780007114535</subfield>
  </datafield>
  <datafield tag="040" ind1=" " ind2=" ">
    <subfield code="c">Donated</subfield>
  </datafield>
  <datafield tag="082" ind1=" " ind2=" ">
    <subfield code="2">1st</subfield>
    <subfield code="a">658/Ken</subfield>
    <subfield code="b">SBPIMD296</subfield>
  </datafield>
  <datafield tag="100" ind1=" " ind2=" ">
    <subfield code="a">Ken,Blanchard  Hybels,Bill  Hodges,Phil</subfield>
    <subfield code="9">4987</subfield>
  </datafield>
  <datafield tag="245" ind1=" " ind2=" ">
    <subfield code="a">Leadership by the Book </subfield>
    <subfield code="b">Tools to transform Your Workplace</subfield>
    <subfield code="h">English</subfield>
  </datafield>
  <datafield tag="260" ind1=" " ind2=" ">
    <subfield code="a">India</subfield>
    <subfield code="b">Harper Collins Publishers</subfield>
    <subfield code="c">2001</subfield>
  </datafield>
  <datafield tag="300" ind1=" " ind2=" ">
    <subfield code="a">220</subfield>
  </datafield>
  <datafield tag="942" ind1=" " ind2=" ">
    <subfield code="2">ddc</subfield>
    <subfield code="c">DBK</subfield>
    <subfield code="e">1st</subfield>
    <subfield code="k">658</subfield>
    <subfield code="m">Ken</subfield>
    <subfield code="n">0</subfield>
  </datafield>
  <datafield tag="999" ind1=" " ind2=" ">
    <subfield code="c">203470</subfield>
    <subfield code="d">203470</subfield>
  </datafield>
  <datafield tag="952" ind1=" " ind2=" ">
    <subfield code="r">2026-04-07 11:31:56</subfield>
    <subfield code="l">0</subfield>
    <subfield code="o">658/Ken</subfield>
    <subfield code="p">SBPIMD296</subfield>
    <subfield code="w">2026-04-07</subfield>
    <subfield code="y">DBK</subfield>
    <subfield code="z">Management</subfield>
    <subfield code="1">0</subfield>
    <subfield code="2">ddc</subfield>
    <subfield code="4">0</subfield>
    <subfield code="7">0</subfield>
    <subfield code="0">0</subfield>
    <subfield code="a">SBPIM</subfield>
    <subfield code="b">SBPIM</subfield>
    <subfield code="c">GEN</subfield>
    <subfield code="d">2026-04-06</subfield>
    <subfield code="C">Donated</subfield>
    <subfield code="N">150</subfield>
    <subfield code="L">ENGLISH</subfield>
  </datafield>
</record>
